000 00857 a2200229 4500
005 20081013150556.0
008 081013t xxu||||| |||| 00| 0 eng d
010 _aENG-91293
020 _c198.00
035 _aEN-74826
037 _bDBAD / PUB
040 _adpl
_bEnglish
082 _a658.1
100 _aRao, P. Subba
245 _aOrganisational behaviour /
_cby P. Subba Rao
260 _aNew Delhi
_bHimalaya Publishing House
_c2008
270 _aPooja Apartments, 4-=B, Murari Lal Street, Ansari Raod, Daryaganj,
_bNew Delhi
_e110002
300 _a256 p.
_c22 cm ( pbk.)
650 _aOrganizational behavior
942 _adpl
_cEN
_2ddc
_h658.1
_mRAO
999 _c16604
_d16604